[Event "Outaouais-ch Reserve"]
[Site "Gatineau CAN"]
[Date "2025.03.25"]
[Round "1"]
[White "Bolduc, Christian"]
[Black "Viel, Simon"]
[Result "0-1"]
[WhiteElo "1095"]
[BlackElo "1502"]
[WhiteFideId "-1"]
[WhiteFideId "-1"]
[PlyCount "150"]
[GameId "2170502837701660"]
[EventDate "2025.03.25"]
[EventType "swiss"]
[EventRounds "8"]
[EventCountry "CAN"]

1. e4 c6 2. Nc3 d5 3. Nf3 dxe4 4. Nxe4 Nf6 5. Nc3 Bg4 6. Be2 Nbd7 7. O-O Qc7 8. d4 e6 9. Be3 Bd6 10. a3 Bxf3 11. Bxf3 Bxh2+ 12. Kh1 Bd6 13. Ne2 h5 14. Qd2 O-O-O 15. Rfd1 Ng4 16. g3 Nxe3 17. Qxe3 Nf6 18. Kg2 Nd5 19. Qg5 g6 20. c4 Be7 21. Qe5 Qxe5 22. dxe5 Nb6 23. b3 Nd7 24. a4 Nxe5 25. Be4 f5 26. Bc2 Bf6 27. Rab1 g5 28. Nd4 Rhe8 29. Rd2 Nxc4 30. bxc4 Rxd4 31. Re2 Re7 32. Rbe1 e5 33. Bxf5+ Kc7 34. Rc2 h4 35. gxh4 gxh4 36. Rh1 e4 37. Re1 Kd6 38. Ree2 Ke5 39. Bh3 Kf4 40. Re3 Rd3 41. Rce2 Rxe3 42. fxe3+ Ke5 43. Rf2 Rg7+ 44. Kf1 Bd8 45. Rf5+ Kd6 46. c5+ Kc7 47. Bg2 Rg6 48. Rf7+ Kb8 49. Rf8 Rf6+ 50. Rxf6 Bxf6 51. Bxe4 Kc7 52. Kg2 b6 53. cxb6+ axb6 54. Kh3 c5 55. Bd3 Kd6 56. e4 Ke5 57. Bc2 c4 58. Kg4 Kd4 59. Kh3 Kc3 60. Bd1 Kd2 61. Bf3 c3 62. e5 Be7 63. Be4 c2 64. Bxc2 Kxc2 65. e6 Kd3 66. Kg4 Ke4 67. Kh3 Ke5 68. Kg4 Kxe6 69. Kh3 Kd5 70. Kg4 Kc4 71. Kh3 Kb4 72. Kg4 Kxa4 73. Kh3 b5 74. Kg4 b4 75. Kh3 b3 0-1

[Event "Outaouais-ch Reserve"]
[Site "Gatineau CAN"]
[Date "2025.03.25"]
[Round "1"]
[White "Bourbeau, Florent"]
[Black "Falardeau, Alexandre"]
[Result "1-0"]
[WhiteElo "1553"]
[BlackElo "1225"]
[WhiteFideId "-1"]
[WhiteFideId "-1"]
[PlyCount "127"]
[GameId "2170502837631974"]
[EventDate "2025.03.25"]
[EventType "swiss"]
[EventRounds "8"]
[EventCountry "CAN"]

1. e4 e6 2. d4 d5 3. Nd2 dxe4 4. Nxe4 Nd7 5. Nf3 Ngf6 6. Nxf6+ Nxf6 7. g3 b6 8. Bb5+ Bd7 9. a4 a6 10. Be2 c5 11. Ne5 Be7 12. O-O O-O 13. Nxd7 Qxd7 14. Bf3 Rad8 15. dxc5 Qxd1 16. Rxd1 Rxd1+ 17. Bxd1 Bxc5 18. a5 b5 19. Bf3 Nd5 20. Be2 h6 21. c4 bxc4 22. Bxc4 Rb8 23. Bxa6 Nc7 24. Bc4 Nb5 25. Bxb5 Rxb5 26. a6 Rb8 27. a7 Ra8 28. Be3 Bxe3 29. fxe3 Kf8 30. Kf2 Ke7 31. e4 Kd7 32. Ke3 Kc7 33. Kd4 Kb6 34. Ra3 f6 35. g4 Rd8+ 36. Ke3 Ra8 37. h4 e5 38. Kd3 Rxa7 39. Rxa7 Kxa7 40. Kc4 Ka6 41. Kd5 Kb5 42. g5 hxg5 43. hxg5 fxg5 44. Kxe5 g4 45. Kf4 g5+ 46. Kxg4 Kc4 47. Kxg5 Kd4 48. Kf5 Kc5 49. Ke6 Kd4 50. b4 Kc4 51. Kd6 Kb5 52. e5 Kb6 53. e6 Kb7 54. e7 Ka7 55. e8=Q Kb7 56. Qb5+ Kc8 57. Ke6 Kc7 58. Qa6 Kb8 59. b5 Kc7 60. b6+ Kc6 61. b7+ Kc7 62. b8=B+ Kd8 63. Bd6 Ke8 64. Qa8# 1-0

[Event "Outaouais-ch Reserve"]
[Site "Gatineau CAN"]
[Date "2025.03.25"]
[Round "1"]
[White "Chenard, Paul"]
[Black "Rhayem, Haythem"]
[Result "0-1"]
[WhiteElo "946"]
[BlackElo "1452"]
[WhiteFideId "-1"]
[WhiteFideId "-1"]
[PlyCount "78"]
[GameId "2170502837631975"]
[EventDate "2025.03.25"]
[EventType "swiss"]
[EventRounds "8"]
[EventCountry "CAN"]

1. e4 c6 2. Nf3 d5 3. e5 Bg4 4. h3 Bxf3 5. Qxf3 e6 6. d4 a6 7. a3 Nd7 8. b4 Ne7 9. g4 a5 10. Bd2 Ng6 11. g5 axb4 12. Be2 c5 13. Bb5 cxd4 14. O-O Ngxe5 15. Qf4 Qb6 16. Be2 Bd6 17. Qg3 Ng6 18. Qb3 O-O 19. c4 dxc3 20. Nxc3 bxc3 21. Qxc3 Be5 22. Rab1 Bxc3 23. Rxb6 Bxd2 24. Rxb7 Nc5 25. Rb4 Bxb4 26. axb4 Ne4 27. Rd1 Nc3 28. Rd2 Ra1+ 29. Kg2 Nxe2 30. Rxe2 Nf4+ 31. Kf3 Nxe2 32. Kxe2 Rb8 33. Kf3 Rxb4 34. Kg2 Ra3 35. f3 d4 36. Kg3 d3 37. f4 d2+ 38. Kg4 d1=Q+ 39. Kh4 Rxf4# 0-1

[Event "Outaouais-ch Reserve"]
[Site "Gatineau CAN"]
[Date "2025.03.25"]
[Round "1"]
[White "Collin, Achille"]
[Black "Leblanc, Kathleen"]
[Result "1-0"]
[WhiteElo "1358"]
[BlackElo "850"]
[WhiteFideId "-1"]
[WhiteFideId "-1"]
[PlyCount "39"]
[GameId "2170502837697559"]
[EventDate "2025.03.25"]
[EventType "swiss"]
[EventRounds "8"]
[EventCountry "CAN"]

1. c4 e5 2. Nc3 d6 3. Nf3 Nf6 4. Qc2 g6 5. g3 Bg7 6. Bg2 O-O 7. e4 Nc6 8. d3 Nb4 9. Qd1 Bg4 10. a3 Nc6 11. h3 Be6 12. O-O Nd4 13. Be3 c5 14. Nd5 Qd7 15. Kh2 Nxf3+ 16. Qxf3 Qa4 17. Nxf6+ Bxf6 18. Qxf6 Qe8 19. Bh6 Bxh3 20. Qg7# 1-0

[Event "Outaouais-ch Reserve"]
[Site "Gatineau CAN"]
[Date "2025.03.25"]
[Round "1"]
[White "Filion, Yves"]
[Black "Dubois, Simon"]
[Result "1-0"]
[WhiteElo "1607"]
[BlackElo "1270"]
[WhiteFideId "-1"]
[WhiteFideId "-1"]
[PlyCount "79"]
[GameId "2170502837697558"]
[EventDate "2025.03.25"]
[EventType "swiss"]
[EventRounds "8"]
[EventCountry "CAN"]

1. d4 d5 2. e3 c5 3. c3 Nc6 4. Nf3 Bf5 5. Nbd2 e6 6. Nh4 Bg6 7. Nxg6 hxg6 8. a3 Nf6 9. g3 a6 10. dxc5 Bxc5 11. b4 Ba7 12. Bg2 Qb6 13. O-O Rd8 14. Qc2 Ne5 15. Nf3 Neg4 16. h3 Nh6 17. Bb2 Rc8 18. Rad1 Nf5 19. Qd3 Nd6 20. Nd2 Kf8 21. e4 dxe4 22. Nxe4 Ndxe4 23. Bxe4 Nxe4 24. Qxe4 Rxh3 25. Qg4 Rh8 26. c4 Qc6 27. Rd5 exd5 28. cxd5 Qxd5 29. Qxc8+ Ke7 30. Qxh8 Qd6 31. Qh4+ f6 32. Qe4+ Kf8 33. Kg2 Qd7 34. Re1 Kf7 35. Qf3 b5 36. Rd1 Qc7 37. Qd5+ Ke7 38. Bd4 Bxd4 39. Rxd4 g5 40. Qc5+ 1-0

[Event "Outaouais-ch Reserve"]
[Site "Gatineau CAN"]
[Date "2025.03.25"]
[Round "1"]
[White "Gagne, Learry"]
[Black "Rioux, Jocelyn"]
[Result "1-0"]
[WhiteElo "1239"]
[BlackElo "1600"]
[WhiteFideId "-1"]
[WhiteFideId "-1"]
[PlyCount "119"]
[GameId "2170502837701658"]
[EventDate "2025.03.25"]
[EventType "swiss"]
[EventRounds "8"]
[EventCountry "CAN"]

1. e4 c6 2. d4 d5 3. exd5 cxd5 4. Bd3 Nc6 5. c3 Nf6 6. Nf3 Bg4 7. h3 Bh5 8. Bf4 e6 9. Nbd2 Bd6 10. Bxd6 Qxd6 11. Qc2 O-O 12. O-O Rfe8 13. Rfe1 Rac8 14. a3 e5 15. dxe5 Nxe5 16. Nxe5 Rxe5 17. Rxe5 Qxe5 18. Nf1 Rd8 19. Ng3 Bg6 20. Bxg6 hxg6 21. Ne2 g5 22. g4 g6 23. f3 Kg7 24. Qd2 Re8 25. Nd4 Qe3+ 26. Qxe3 Rxe3 27. Rd1 Nd7 28. Kf2 Re8 29. Rd2 Ne5 30. b3 Nd7 31. Nb5 Rh8 32. Kg3 Nc5 33. Nxa7 Nxb3 34. Rxd5 Ra8 35. Nb5 Kf6 36. Rd6+ Ke7 37. Rb6 Nc5 38. f4 gxf4+ 39. Kxf4 Ra6 40. Rxa6 Nxa6 41. h4 Nc5 42. c4 Ne6+ 43. Ke5 f6+ 44. Ke4 Kd7 45. h5 gxh5 46. gxh5 Kc6 47. Nd4+ Kd7 48. Nxe6 Kxe6 49. h6 Kf7 50. Kf5 b6 51. h7 Kg7 52. h8=Q+ Kxh8 53. Kxf6 Kg8 54. Ke6 Kf8 55. Kd6 Ke8 56. Kc7 Ke7 57. Kxb6 Kd7 58. Kb7 Kd6 59. a4 Kc5 60. a5 1-0

[Event "Outaouais-ch Reserve"]
[Site "Gatineau CAN"]
[Date "2025.03.25"]
[Round "1"]
[White "Labelle, Raymond"]
[Black "Piche, Danielle"]
[Result "1-0"]
[WhiteElo "1442"]
[BlackElo "915"]
[WhiteFideId "-1"]
[WhiteFideId "-1"]
[PlyCount "35"]
[GameId "2170502837627876"]
[EventDate "2025.03.25"]
[EventType "swiss"]
[EventRounds "8"]
[EventCountry "CAN"]

1. e4 d5 2. exd5 Qxd5 3. Nc3 Qa5 4. d4 Nf6 5. Bd2 c6 6. Ne4 Qc7 7. Nxf6+ exf6 8. Bd3 Be6 9. h3 Nd7 10. Qe2 Bd6 11. Nf3 O-O-O 12. c4 Rde8 13. Be3 Bb4+ 14. Bd2 Bxc4 15. Ne5 Bxd2+ 16. Kxd2 Qa5+ 17. Kc2 Bxd3+ 18. Qxd3 1-0

[Event "Outaouais-ch Reserve"]
[Site "Gatineau CAN"]
[Date "2025.03.25"]
[Round "1"]
[White "Patry, Onil"]
[Black "Seguin, Hubert"]
[Result "0-1"]
[WhiteElo "1178"]
[BlackElo "1542"]
[WhiteFideId "-1"]
[WhiteFideId "-1"]
[PlyCount "86"]
[GameId "2170502837631973"]
[EventDate "2025.03.25"]
[EventType "swiss"]
[EventRounds "8"]
[EventCountry "CAN"]

1. e4 c5 2. Nf3 d6 3. d4 cxd4 4. Nxd4 Nc6 5. Nc3 g6 6. Be3 Bg7 7. Be2 Nf6 8. O-O O-O 9. Qd2 Bd7 10. f3 a6 11. a3 b5 12. b4 Qc7 13. Rac1 Rfc8 14. Nd1 e5 15. Nxc6 Bxc6 16. c4 Qd7 17. Nf2 bxc4 18. Bxc4 Bb5 19. Bxb5 axb5 20. Rxc8+ Rxc8 21. Rc1 Ra8 22. Rc3 Bf8 23. Rd3 Qb7 24. g4 Nd7 25. g5 Nb6 26. Bxb6 Qxb6 27. Kg2 Rd8 28. Ng4 Be7 29. Nf6+ Kg7 30. Nd5 Qb7 31. Rc3 Rd7 32. Qe3 Qb8 33. Qc1 Qd8 34. Nxe7 Qxe7 35. Qe3 d5 36. exd5 Rxd5 37. Rc6 e4 38. f4 Rd3 39. Qc5 Qd7 40. Qe5+ Kg8 41. Qxe4 Qg4+ 42. Kf2 Rd2+ 43. Ke1 Qd1# 0-1

[Event "Outaouais-ch Reserve"]
[Site "Gatineau CAN"]
[Date "2025.03.25"]
[Round "1"]
[White "Thibault, Mario"]
[Black "Bergeron-Collin, Laurent"]
[Result "1-0"]
[WhiteElo "1537"]
[BlackElo "1173"]
[WhiteFideId "-1"]
[WhiteFideId "-1"]
[PlyCount "51"]
[GameId "2170502837701656"]
[EventDate "2025.03.25"]
[EventType "swiss"]
[EventRounds "8"]
[EventCountry "CAN"]

1. e4 c6 2. Nf3 d5 3. exd5 cxd5 4. Ne5 a6 5. d4 Nf6 6. c3 e6 7. Bd3 Bd6 8. f4 Nc6 9. Qf3 Qc7 10. O-O b5 11. a3 Bb7 12. Nd2 Na5 13. Re1 Nc4 14. Nf1 Ne4 15. Nxc4 bxc4 16. Bc2 Qb6 17. Ne3 Rc8 18. Qg4 O-O 19. Bxe4 dxe4 20. f5 e5 21. f6 g6 22. Nf5 exd4 23. Bh6 dxc3+ 24. Kh1 cxb2 25. Rab1 Be5 26. Ne7+ 1-0

[Event "Outaouais-ch Reserve"]
[Site "Gatineau CAN"]
[Date "2025.03.25"]
[Round "1"]
[White "Ubertelli, Giorgio"]
[Black "Gagne, Raphael"]
[Result "0-1"]
[WhiteElo "912"]
[BlackElo "1385"]
[WhiteFideId "-1"]
[WhiteFideId "-1"]
[PlyCount "41"]
[GameId "2170502837640168"]
[EventDate "2025.03.25"]
[EventType "swiss"]
[EventRounds "8"]
[EventCountry "CAN"]

1. e4 c5 2. Nf3 Nc6 3. Nc3 g6 4. b3 Bg7 5. Bb2 d6 6. Na4 Nf6 7. e5 Nxe5 8. Nxe5 dxe5 9. Bxe5 b6 10. Bb5+ Bd7 11. Bxf6 Bxf6 12. Bxd7+ Qxd7 13. O-O Bxa1 14. Qxa1 O-O 15. Nc3 Qxd2 16. Rc1 Rfd8 17. Rd1 Qxc3 18. Rxd8+ Rxd8 19. Qf1 Rd2 20. h3 Qxc2 21. Qa1 0-1

[Event "Outaouais-ch Reserve"]
[Site "Gatineau CAN"]
[Date "2025.03.25"]
[Round "1"]
[White "Vezina, Yannick"]
[Black "Lapointe, Francois"]
[Result "1-0"]
[WhiteElo "1476"]
[BlackElo "1028"]
[WhiteFideId "-1"]
[WhiteFideId "-1"]
[PlyCount "109"]
[GameId "2170502837701659"]
[EventDate "2025.03.25"]
[EventType "swiss"]
[EventRounds "8"]
[EventCountry "CAN"]

1. d4 d5 2. Nf3 Nc6 3. e3 Nf6 4. Bd3 Ne4 5. b3 g6 6. c4 Nb4 7. Be2 Bf5 8. O-O Bg7 9. Bb2 O-O 10. a3 Na6 11. cxd5 Qxd5 12. Nbd2 c5 13. Nxe4 Bxe4 14. Bc4 Qf5 15. Nd2 Bd5 16. Rc1 Rac8 17. Re1 Bxc4 18. Nxc4 Rfd8 19. g4 Qd7 20. Qf3 cxd4 21. Bxd4 Bxd4 22. exd4 Qxd4 23. Rxe7 f6 24. Rxb7 Rc7 25. h3 Rxb7 26. Qxb7 Nc5 27. Qxa7 Nxb3 28. Qxd4 Rxd4 29. Rc3 Nd2 30. Nxd2 Rxd2 31. Kg2 Ra2 32. Kf3 Kf7 33. Ke4 Rxf2 34. a4 Rh2 35. Kd5 f5 36. gxf5 gxf5 37. Ra3 f4 38. a5 Re2 39. a6 Re8 40. a7 Ra8 41. Ke4 Kg6 42. Kxf4 Kh5 43. Kf5 h6 44. Ra4 Rf8+ 45. Ke6 Re8+ 46. Kd7 Ra8 47. Kc7 Rxa7+ 48. Rxa7 Kh4 49. Ra3 h5 50. Kd6 Kg5 51. Rf3 h4 52. Ke5 Kh5 53. Kf5 Kh6 54. Kf6 Kh5 55. Rf4 1-0

[Event "Outaouais-ch Reserve"]
[Site "Gatineau CAN"]
[Date "2025.04.01"]
[Round "2"]
[White "Arsenault, Michel"]
[Black "Vezina, Yannick"]
[Result "0-1"]
[WhiteElo "1781"]
[BlackElo "1476"]
[WhiteFideId "-1"]
[WhiteFideId "-1"]
[PlyCount "44"]
[GameId "2170502837656561"]
[EventDate "2025.03.25"]
[EventType "swiss"]
[EventRounds "8"]
[EventCountry "CAN"]

1. c4 e5 2. g3 Nf6 3. Bg2 c6 4. d4 e4 5. Nc3 d5 6. cxd5 cxd5 7. Bg5 Nbd7 8. f3 Bb4 9. fxe4 dxe4 10. Bxe4 Bxc3+ 11. bxc3 Qa5 12. Bxf6 Qxc3+ 13. Kf1 Nxf6 14. Bf3 Ng4 15. Bxg4 Bxg4 16. Rc1 Qe3 17. Rc7 O-O 18. d5 b5 19. Qb3 Qe5 20. Rc3 Rfe8 21. Qc2 Qxd5 22. Nf3 Rac8 0-1

[Event "Outaouais-ch Reserve"]
[Site "Gatineau CAN"]
[Date "2025.04.01"]
[Round "2"]
[White "Collin, Achille"]
[Black "Bourbeau, Florent"]
[Result "0-1"]
[WhiteElo "1358"]
[BlackElo "1553"]
[WhiteFideId "-1"]
[WhiteFideId "-1"]
[PlyCount "160"]
[GameId "2170502837652462"]
[EventDate "2025.03.25"]
[EventType "swiss"]
[EventRounds "8"]
[EventCountry "CAN"]

1. d4 Nf6 2. c4 g6 3. Nc3 Bg7 4. e4 d6 5. Be3 Ng4 6. Qd2 Nxe3 7. Qxe3 O-O 8. h4 Nc6 9. d5 Ne5 10. h5 e6 11. hxg6 fxg6 12. f3 c5 13. Be2 Qf6 14. Nh3 Qh4+ 15. Nf2 Qf4 16. Qxf4 Rxf4 17. O-O-O a6 18. Nd3 Nxd3+ 19. Rxd3 Bd4 20. Bf1 e5 21. Ne2 Rf7 22. Nxd4 cxd4 23. b4 Rc7 24. Rd2 Bd7 25. Kb2 Ba4 26. Bd3 Rac8 27. Ka3 b5 28. Rc1 Kg7 29. c5 dxc5 30. bxc5 Rxc5 31. Rxc5 Rxc5 32. Kb4 Rc3 33. Ka5 Kf6 34. Kxa6 b4 35. Ka5 b3 36. axb3 Bxb3 37. Kb4 Kg5 38. d6 Kf6 39. d7 Ke7 40. Bb5 Be6 41. f4 Bxd7 42. Bxd7 Kxd7 43. fxe5 Ke6 44. Rxd4 Rg3 45. Rd2 Kxe5 46. Kc4 Kxe4 47. Re2+ Kf4 48. Kd4 Rg4 49. Re7 h5 50. Re2 Kg3+ 51. Ke3 Kh2 52. Kf3 g5 53. g3+ Kh3 54. Rg2 Ra4 55. Rg1 Ra3+ 56. Kf2 Kg4 57. Rg2 Rf3+ 58. Ke2 Rxg3 59. Rh2 h4 60. Kf2 Rf3+ 61. Kg1 h3 62. Rd2 Kf4 63. Kh2 Ke3 64. Rb2 Rf2+ 65. Rxf2 Kxf2 66. Kxh3 Kf3 67. Kh2 g4 68. Kg1 Kg3 69. Kh1 Kf2 70. Kh2 g3+ 71. Kh3 g2 72. Kg4 g1=Q+ 73. Kf4 Qg3+ 74. Ke4 Qd6 75. Kf5 Qe7 76. Kf4 Kg2 77. Kg4 Qe5 78. Kh4 Qg7 79. Kh5 Kf3 80. Kh4 Qh6# 0-1

[Event "Outaouais-ch Reserve"]
[Site "Gatineau CAN"]
[Date "2025.04.01"]
[Round "2"]
[White "Dubois, Simon"]
[Black "Ubertelli, Giorgio"]
[Result "1-0"]
[Annotator "hugh_"]
[WhiteElo "1270"]
[BlackElo "912"]
[WhiteFideId "-1"]
[WhiteFideId "-1"]
[PlyCount "57"]
[GameId "2170502837652461"]
[EventDate "2025.03.25"]
[EventType "swiss"]
[EventRounds "8"]
[EventCountry "CAN"]

{[%evp 0,57,14,29,22,22,11,-6,25,25,109,15,4,29,376,378,456,377,421,420,443,408,535,424,475,476,525,301,399,431,524,540,570,590,617,478,604,625,615,512,618,616,654,398,641,645,671,576,646,671,800,821,1077,861,1073,1121,924,1190,29999,29999]} 1. e4 e5 2. Nc3 Nf6 3. f4 exf4 4. e5 Qe7 5. d4 d6 6. Bxf4 Nh5 7. Qxh5 g6 8. Qg5 Qxg5 9. Bxg5 dxe5 10. Bf6 Rg8 11. Bxe5 Bd6 12. O-O-O Bg4 13. Re1 Bxe5 14. dxe5 Nc6 15. Bb5 Bd7 16. Nd5 O-O-O 17. Bxc6 Bxc6 18. Ne7+ Kb8 19. Nxc6+ bxc6 20. Nf3 Rde8 21. Nd4 Kb7 22. Rhf1 Rd8 23. Nb3 Rgf8 24. h3 f5 25. exf6 Rd6 26. g4 Rdxf6 27. Rxf6 Rxf6 28. Nc5+ Kc8 29. Re8# 1-0

[Event "Outaouais-ch Reserve"]
[Site "Gatineau CAN"]
[Date "2025.04.01"]
[Round "2"]
[White "Gagne, Raphael"]
[Black "Filion, Yves"]
[Result "0-1"]
[WhiteElo "1385"]
[BlackElo "1607"]
[WhiteFideId "-1"]
[WhiteFideId "-1"]
[PlyCount "72"]
[GameId "2170502837660660"]
[EventDate "2025.03.25"]
[EventType "swiss"]
[EventRounds "8"]
[EventCountry "CAN"]

1. e4 c5 2. Nf3 Nc6 3. d4 cxd4 4. Nxd4 Nf6 5. Nc3 d6 6. Bb5 Bd7 7. O-O a6 8. Nxc6 bxc6 9. Ba4 e6 10. Re1 Qc7 11. Bg5 Be7 12. Qe2 h6 13. Bh4 e5 14. Rad1 O-O 15. Qd3 g5 16. Bg3 Ng4 17. h3 Nf6 18. Qd2 Be6 19. Bb3 Nh5 20. Bh2 Bxb3 21. axb3 f5 22. exf5 Rxf5 23. g4 Rf3 24. gxh5 Rxh3 25. Ne4 d5 26. Ng3 Rf8 27. c4 Bc5 28. Rf1 e4 29. cxd5 Rxg3+ 30. Bxg3 Qxg3+ 31. Kh1 Bxf2 32. Qc3 Rf3 33. Rxf2 Rxc3 34. Rdf1 Qh3+ 35. Kg1 Rg3+ 36. Rg2 Qxg2# 0-1

[Event "Outaouais-ch Reserve"]
[Site "Gatineau CAN"]
[Date "2025.04.01"]
[Round "2"]
[White "Piche, Danielle"]
[Black "Bachand, Dominic"]
[Result "0-1"]
[Annotator "hugh_"]
[WhiteElo "915"]
[BlackElo "1301"]
[WhiteFideId "-1"]
[WhiteFideId "-1"]
[PlyCount "64"]
[GameId "2170502837648364"]
[EventDate "2025.03.25"]
[EventType "swiss"]
[EventRounds "8"]
[EventCountry "CAN"]

{[%evp 0,64,19,28,16,20,13,17,10,24,59,59,63,78,68,69,58,32,58,-63,120,-142,57,63,51,-39,80,-38,22,-21,50,-18,-134,-138,-81,8,-68,-96,-79,-72,-76,-60,-69,-145,-121,-171,-39,-63,-42,-3,-90,-98,29,-500,-656,-647,-657,-610,-561,-954,-541,-1154,-1206,-1245,-948,-1245,-1187]} 1. e4 e5 2. Nf3 Nc6 3. d4 exd4 4. Nxd4 Nxd4 5. Qxd4 d6 6. Nc3 Nf6 7. f3 Be6 8. Bd3 c5 9. Qf2 d5 10. Bb5+ Bd7 11. Bxd7+ Qxd7 12. Qe2 Be7 13. Bd2 O-O 14. O-O-O Rfe8 15. g4 dxe4 16. Be3 Qc6 17. f4 Rad8 18. g5 Nd5 19. Nxd5 Rxd5 20. h4 Red8 21. Bd2 Qa4 22. a3 Bd6 23. h5 e3 24. Qxe3 Re8 25. Qf3 Qe4 26. Rhe1 Qxf3 27. Rxe8+ Bf8 28. Rde1 Rd6 29. Rb8 Re6 30. b4 Rxe1+ 31. Bxe1 Qxf4+ 32. Bd2 Qxb8 0-1

[Event "Outaouais-ch Reserve"]
[Site "Gatineau CAN"]
[Date "2025.04.01"]
[Round "2"]
[White "Scantland, Patrick"]
[Black "Labelle, Raymond"]
[Result "1-0"]
[WhiteElo "1623"]
[BlackElo "1442"]
[WhiteFideId "-1"]
[WhiteFideId "-1"]
[PlyCount "61"]
[GameId "2170502837656559"]
[EventDate "2025.03.25"]
[EventType "swiss"]
[EventRounds "8"]
[EventCountry "CAN"]

1. d4 d5 2. c4 c6 3. Nf3 h6 4. Nc3 Nf6 5. Bf4 dxc4 6. a4 Nd5 7. Bg3 Nxc3 8. bxc3 Qa5 9. Qc1 Bg4 10. Ne5 Be6 11. e4 Nd7 12. Nxc4 Qd8 13. Ne3 Nb6 14. a5 Nc8 15. Bd3 a6 16. O-O Bd7 17. Nc4 Bg4 18. Ne5 Be6 19. f4 Nd6 20. f5 Bc8 21. Qd1 e6 22. Qh5 Qe7 23. Bh4 Qc7 24. Rf3 Be7 25. f6 g6 26. Nxg6 fxg6 27. Qxg6+ Kd7 28. fxe7 b5 29. Rf8 Bb7 30. Rxh8 Rxh8 31. Qg7 1-0

[Event "Outaouais-ch Reserve"]
[Site "Gatineau CAN"]
[Date "2025.04.01"]
[Round "2"]
[White "Thibeault, Alain"]
[Black "Thibault, Mario"]
[Result "0-1"]
[WhiteElo "1344"]
[BlackElo "1537"]
[WhiteFideId "-1"]
[WhiteFideId "-1"]
[PlyCount "84"]
[GameId "2170502837660661"]
[EventDate "2025.03.25"]
[EventType "swiss"]
[EventRounds "8"]
[EventCountry "CAN"]

1. e4 d6 2. g3 Nf6 3. Nc3 e5 4. Nf3 c6 5. d4 Nbd7 6. Bg2 Be7 7. O-O O-O 8. h3 Qc7 9. a4 a5 10. Be3 Re8 11. Re1 Bf8 12. Bg5 h6 13. Be3 Nh7 14. d5 Nb6 15. b3 Nf6 16. Nh2 Bd7 17. Rf1 cxd5 18. Nxd5 Nbxd5 19. exd5 Qc8 20. f4 exf4 21. Bxf4 Bxh3 22. Bxh6 Qc5+ 23. Rf2 Bxg2 24. Kxg2 Qxd5+ 25. Qxd5 Nxd5 26. Bd2 Ne3+ 27. Kf3 Nxc2 28. Rh1 Nd4+ 29. Kg2 Nxb3 30. Bc3 Nc5 31. Kf1 Ne4 32. Rg2 Nxc3 33. Nf3 Re6 34. Rgh2 Rh6 35. Rxh6 gxh6 36. Rh4 Bg7 37. Rg4 Nd5 38. Kf2 Nf6 39. Rd4 d5 40. Rf4 Ne4+ 41. Kg2 Rc8 42. Kh3 Rc4 0-1

[Event "Outaouais-ch Reserve"]
[Site "Gatineau CAN"]
[Date "2025.04.01"]
[Round "2"]
[White "Viel, Simon"]
[Black "Gagne, Learry"]
[Result "0-1"]
[WhiteElo "1502"]
[BlackElo "1239"]
[WhiteFideId "-1"]
[WhiteFideId "-1"]
[PlyCount "142"]
[GameId "2170502837656560"]
[EventDate "2025.03.25"]
[EventType "swiss"]
[EventRounds "8"]
[EventCountry "CAN"]

1. e4 e5 2. Nc3 Nc6 3. Bc4 Nf6 4. d3 Bc5 5. f4 Bb6 6. Nf3 d6 7. f5 h6 8. Na4 d5 9. Nxb6 axb6 10. Bb5 Qd6 11. Bxc6+ bxc6 12. Nd2 d4 13. Nc4 Qe7 14. Qf3 Nd7 15. Qg3 f6 16. O-O Ba6 17. Qg6+ Qf7 18. Qxf7+ Kxf7 19. Nd2 c5 20. b3 b5 21. a4 bxa4 22. bxa4 Nb8 23. Ba3 Nd7 24. Rfc1 Bb7 25. Bb2 Ba6 26. a5 Ke7 27. c4 Nb8 28. Nb3 Kd6 29. Rcb1 Nc6 30. Ba3 Nb4 31. Bxb4 cxb4 32. Nc1 c5 33. Kf2 Rhg8 34. h4 h5 35. Kf3 g6 36. fxg6 Rxg6 37. Nb3 Rag8 38. Rg1 Rg3+ 39. Ke2 Rxg2+ 40. Rxg2 Rxg2+ 41. Kf3 Rg4 42. Rh1 Rg8 43. Kf2 Bc8 44. Rg1 Rxg1 45. Kxg1 Bg4 46. Kf2 Bc8 47. Ke2 Kc6 48. Kd2 f5 49. exf5 Bxf5 50. a6 Bc8 51. a7 Bb7 52. Ke2 Kb6 53. Kd2 e4 54. dxe4 Bxe4 55. Kd1 Kxa7 56. Nxc5 Bf5 57. Kd2 Kb6 58. Nb3 d3 59. Ke3 Bg6 60. Kf4 Kc6 61. Kg5 Bf7 62. Kf6 Bxc4 63. Nd2 Bd5 64. Kg5 Bf7 65. Kf4 Kc5 66. Ke3 Bg6 67. Nf3 b3 68. Kd2 Kb4 69. Ne5 Bf5 70. Nxd3+ Bxd3 71. Kxd3 Ka3 0-1

[Event "Outaouais-ch Reserve"]
[Site "Gatineau CAN"]
[Date "2025.04.08"]
[Round "3"]
[White "Arsenault, Michel"]
[Black "Collin, Achille"]
[Result "1/2-1/2"]
[WhiteElo "1781"]
[BlackElo "1358"]
[WhiteFideId "-1"]
[WhiteFideId "-1"]
[PlyCount "101"]
[GameId "2170502837664765"]
[EventDate "2025.03.25"]
[EventType "swiss"]
[EventRounds "8"]
[EventCountry "CAN"]

1. e4 d6 2. d4 Nf6 3. Nc3 g6 4. f4 Bg7 5. Nf3 O-O 6. Bd3 Nc6 7. O-O e5 8. dxe5 dxe5 9. f5 Nd4 10. Bg5 Nxf3+ 11. Qxf3 c6 12. Kh1 h6 13. Be3 Qe7 14. Rad1 gxf5 15. exf5 e4 16. Nxe4 Nxe4 17. Qxe4 Qxe4 18. Bxe4 Re8 19. Rf4 Bxf5 20. Bxf5 Rxe3 21. g3 Rae8 22. Bd3 c5 23. b3 b6 24. Bc4 Re1+ 25. Rxe1 Rxe1+ 26. Kg2 Re7 27. g4 Kf8 28. h4 Be5 29. Rf5 f6 30. a4 Kg7 31. Kf3 Rd7 32. Bd3 Bd4 33. h5 Re7 34. Rd5 Be3 35. Bf5 Bg5 36. Rd8 Re3+ 37. Kg2 Re7 38. Rd7 Rxd7 39. Bxd7 Kf7 40. Kf3 Ke7 41. Bc8 Kd6 42. Ke4 a5 43. Bb7 Ke6 44. Ba6 Kd6 45. Bc8 Kc7 46. Bf5 Kd6 47. Bg6 Ke6 48. Kd3 Kd5 49. Bf7+ Kd6 50. Kc4 Bd2 51. Kb5 1/2-1/2

[Event "Outaouais-ch Reserve"]
[Site "Gatineau CAN"]
[Date "2025.04.08"]
[Round "3"]
[White "Bastien, Andre"]
[Black "Bourbeau, Florent"]
[Result "0-1"]
[WhiteElo "1724"]
[BlackElo "1553"]
[WhiteFideId "-1"]
[WhiteFideId "-1"]
[PlyCount "120"]
[GameId "2170502837664761"]
[EventDate "2025.03.25"]
[EventType "swiss"]
[EventRounds "8"]
[EventCountry "CAN"]

1. Nf3 Nf6 2. g3 g6 3. b4 Bg7 4. Bb2 O-O 5. Bg2 a5 6. b5 a4 7. O-O d5 8. Na3 c5 9. c4 e6 10. e3 Bd7 11. Rc1 Qb6 12. Qc2 Rc8 13. d3 Be8 14. Qb1 Nbd7 15. Qa1 Qd6 16. Rc2 Rc7 17. Rfc1 Qf8 18. Ne5 Nh5 19. cxd5 exd5 20. Bxd5 Nxe5 21. Bxe5 Rd7 22. Bxg7 Qxg7 23. Qxg7+ Nxg7 24. Rxc5 b6 25. Bxa8 bxc5 26. Rxc5 Rxd3 27. Nc4 Rc3 28. Bc6 Ne6 29. Bxe8 Nxc5 30. Nd6 f5 31. b6 Rc1+ 32. Kg2 Rb1 33. Bc6 Rxb6 34. Bd5+ Kf8 35. Nc4 Ra6 36. Kf3 Ke7 37. h4 Kf6 38. g4 fxg4+ 39. Kxg4 Nd3 40. f4 Nb4 41. Bb7 Ra7 42. Be4 Nxa2 43. h5 Nc3 44. Bc2 a3 45. Nxa3 Rxa3 46. e4 Ne2 47. e5+ Kg7 48. f5 gxf5+ 49. Bxf5 h6 50. Bg6 Ra4+ 51. Kf3 Nf4 52. Be8 Rb4 53. Kg4 Kf8 54. Bd7 Ke7 55. Bc8 Ne6+ 56. Kf5 Nf8 57. Ba6 Rh4 58. Be2 Rh1 59. Bg4 Rg1 60. Bh3 Rg5+ 0-1